000 01587nam a2200385 a 4500
001 ebr10529551
003 CaPaEBR
006 m u
007 cr cn|||||||||
008 120305s2012 gw a s 001 0 eng d
020 _z9781849683944
020 _z9781849683951 (e-book)
040 _aCaPaEBR
_cCaPaEBR
035 _a(OCoLC)785778138
050 1 4 _aHF5548.4.L692
_bS64 2012eb
100 1 _aSpeed, Tim.
245 1 0 _aIBM Lotus Notes and Domino 8.5.3
_h[electronic resource] :
_bupgrader's guide : upgrade your system and embrace the exciting new features of the IBM Lotus Notes and Domino 8.5.3 platform /
_cTim Speed, Barry Rosen, Scott O'Keefe.
260 _aBirmingham [England] :
_bPackt Enterprise,
_c2012.
300 _aix, 334 p. :
_bill.
500 _aIncludes index.
500 _a"Professional experience distilled"--Cover.
533 _aElectronic reproduction.
_bPalo Alto, Calif. :
_cebrary,
_d2011.
_nAvailable via World Wide Web.
_nAccess may be limited to ebrary affiliated libraries.
630 0 0 _aLotus Notes.
630 0 0 _aLotus Domino.
650 0 _aBusiness
_xComputer programs.
650 0 _aComputer software
_xDevelopment.
650 0 _aGroupware (Computer software)
650 0 _aDatabase management
_xComputer programs.
650 0 _aWeb sites
_xAuthoring programs.
655 7 _aElectronic books.
_2local
700 1 _aRosen, Barry.
700 1 _aO'Keefe, Scott.
710 2 _aebrary, Inc.
856 4 0 _uhttp://site.ebrary.com/lib/rucke/Doc?id=10529551
_zAn electronic book accessible through the World Wide Web; click to view
999 _c233213
_d233213